Logo

Description automatically generated
विद्यार्जन
 संसाधन केंद्र, भारतीय प्रौद्योगिकी संस्थान इन्दौर
Learning Resource Center, Indian Institute of Technology Indore

ऑनलाइन सार्वजनिक अभिगम प्रसूची
Online Public Access Catalogue (OPAC)

The thing about thugs (Record no. 57384)

MARC details
000 -LEADER
fixed length control field 00746nam a2200229Ia 4500
005 - DATE AND TIME OF LATEST TRANSACTION
control field 20260704175958.0
008 - FIXED-LENGTH DATA ELEMENTS--GENERAL INFORMATION
fixed length control field 260704s9999||||xx |||||||||||||| ||und||
020 ## - INTERNATIONAL STANDARD BOOK NUMBER
International Standard Book Number 9789350293263
Qualifying information pbk
082 ## - DEWEY DECIMAL CLASSIFICATION NUMBER
Classification number 810.3
Item number KHA
100 ## - MAIN ENTRY--PERSONAL NAME
Personal name Khair, Tabish
245 #4 - TITLE STATEMENT
Title The thing about thugs
260 ## - PUBLICATION, DISTRIBUTION, ETC.
Place of publication, distribution, etc. Noida
Name of publisher, distributor, etc. HarperCollins Publishers
Date of publication, distribution, etc. 2012
300 ## - PHYSICAL DESCRIPTION
Extent 278p. ; 20cm.
653 ## - INDEX TERM--UNCONTROLLED
Uncontrolled term Great Britain--History--19th century--Fiction
653 ## - INDEX TERM--UNCONTROLLED
Uncontrolled term India — History — British occupation, 1765–1947 — Fiction
653 ## - INDEX TERM--UNCONTROLLED
Uncontrolled term India--History--19th century--Fiction
653 ## - INDEX TERM--UNCONTROLLED
Uncontrolled term Indic fiction (English)
653 ## - INDEX TERM--UNCONTROLLED
Uncontrolled term Indic fiction (English)
653 ## - INDEX TERM--UNCONTROLLED
Uncontrolled term London (England)--Fiction
653 ## - INDEX TERM--UNCONTROLLED
Uncontrolled term Thugs (Indic criminal group)--Fiction
942 ## - ADDED ENTRY ELEMENTS (KOHA)
Koha item type Book
Holdings
Withdrawn status Lost status Damaged status Not for loan Home library Current library Shelving location Date acquired Source of acquisition Total Checkouts Full call number Barcode Date last seen Price effective from Koha item type
        LRC, IIT Indore LRC, IIT Indore 2nd Floor - General Stack 04/07/2026 Gratis Book Price: INR 299.00   810.3 KHA G2609 04/07/2026 04/07/2026 Book
Copyright © 2017-2026 Indian Institute of Technology Indore. All Rights Reserved.
Managed & maintained by Learning Resource Center, IIT Indore